000 00997nam a22002891 4500
001 16563
003 BD-RjUL
005 20211209000026.0
008 140213s1959 maua 001 0 eng d
035 _a(BD-RjUL)16618
035 _a(OCoLC)531123
040 _aDLC
_cODaWU
_dOCoLC
_dCSdC-L
_dOCoLC
_dDLC
_beng
041 _aeng
082 0 0 _a346.73045
_bHAL 1959
_219
100 1 _aHaar, Charles M.,
_q(Charles Monroe),
_d1920-2012.
_915667
245 1 0 _aLand-use planning :
_ba casebook on the use, misuse, and re-use of urban land /
_cCharles M. Haar.
260 _aBoston :
_bLittle, Brown,
_c1959.
300 _axxxv, 790 p. :
_billus.
_c26 cm.
504 _aIncludes index.
650 0 _aCity planning and redevelopment law
_zUnited States
_vCases.
_923187
650 0 _aZoning law
_zUnited States
_xCases.
_951186
650 0 _aEminent domain
_zUnited States
_xCases.
_951187
942 _2ddc
_cBK
999 _c16563
_d16563